000 01033nam a22002537a 4500
005 20170124102924.0
010 _aA-511458
020 _c50.00
035 _aA-511458
037 _bCen Lib/Ret
040 _aDPL
_bHN
082 _a821
_bवशिष्ट
100 _aवशिष्ट, शिवशंकर
_942767
245 _aसच क्या है? /
_cशिवशंकर वशिष्ठ
246 _aSach kya hai? /
_bby Shivshankar Vashishth
260 _aबम्बई
_bजीवन प्रभात शंकर
_c1989
270 _a221, गुरु गोविन्द सिंह इंड. इस्टेट, गोरेगांव -पूर्व
_bबम्बई
_e400063
300 _a112पृ.
_c19सेमी(सजिल्द)
650 _aहिन्दी साहित्य
_942768
650 _aकविताएं
_942769
650 _aHindi literature
_942770
650 _aPoetry
_942771
942 _2ddc
_cHN
_h821
_mवशिष्ठ
999 _c111430
_d111430